000 00313nam a2200109Ia 4500
008 171204s9999 xx 000 0 und d
245 4 _aThe Western Front: Landscape, Tourism and Heritage:
245 _cStephen Miles
260 _c2017
650 _xHistory
856 _uhttp://down.ebook777.com/064/1473833760.pdf
999 _c345526
_d345526